000 00623nam a2200241Ia 4500
003 OSt
005 20221005063116.0
006 a|||||r|||| 00| 0
007 ta
008 221004b |||||||| |||| 00| 0 eng d
024 _a52198
037 _cTextual
040 _aCRL
_cCRL
_beng
041 _2eng
_aeng
082 _aR3xM72:26, H8;M5
100 _aRussell Bertrand
245 0 _aPower
_b A new social analysis
260 _aLondon
_bUnwin
_c1985
300 _a207p
_ccm.
650 _aPHILOSOPHY
942 _hR3xM72:26, H8;M5
_cTEXL
_2cc
999 _c970915
_d970915